Economy and environment program for Southeast Asia A manual for researchers,The economic valuation of tropical forest land use options

Kaydedildi:
Detaylı Bibliyografya
Yazar: Camille Bann
Materyal Türü: Kitap
Dil:Undetermined
Baskı/Yayın Bilgisi: Singapore EEPSEA 1998
Konular:
Etiketler: Etiketle
Etiket eklenmemiş, İlk siz ekleyin!
Thư viện lưu trữ: Trung tâm Học liệu Trường Đại học Cần Thơ
LEADER 00622nam a2200193Ia 4500
001 CTU_27847
008 210402s9999 xx 000 0 und d
082 |a 338.9 
082 |b E17/evt 
100 |a Camille Bann 
245 0 |a Economy and environment program for Southeast Asia 
245 2 |b A manual for researchers,The economic valuation of tropical forest land use options 
245 0 |c Camille Bann 
260 |a Singapore 
260 |b EEPSEA 
260 |c 1998 
650 |a economic development projects 
904 |i Nguyễn Quang Điền, 990106 
980 |a Trung tâm Học liệu Trường Đại học Cần Thơ